000 00384cam a2200157ua 4500
041 _aeng
_h
082 _a828.09
_bTHO/MI
100 _aThorpe, James .
245 _aMilton criticism /
_cJames Thorpe.
_hTextual Documents
250 _a1 /
_b.
260 _aLondon :
_bRoutledge & Kegan Paul Ltd ,
_c1962.
300 _a381 ; .
504 _a
942 _cBK
999 _c3554
_d3554